00588nam a2200169Ia 4500008004000000020001800040082001700058100002700075245003200102260004100134300001200175650002000187690002500207906001100232999001900243952015600262210210b2004 xxu||||| |||| 00| 0 eng d a81 7648 680 9 a658.152 JAIW aJAIN (Narender Kumar). aWorking capital management. aNDbAPH Publishing Corporationc2004 axvi,242 aWorking Capital aFinancial Management a059476 c106391d106391 001040708ManagementaALbALcManagementd2021-02-17eAparna Prakashan, Kanpur.g595.00l0o658.152 JAIWp059476r2021-02-17 00:00:00w2021-02-17yBK